Diagnóstico de la Situación Actual de los Desechos Sólidos del Mercado Roberto Huembés

Presenta un diagnóstico de la situación actual de los desechos sólidos del Mercado Roberto Huembés de la ciudad de Managua, durante el período 2004-2005, el cual permite un manejo integrado de los mismos solucionando de esta manera parte de la problemática del sitio antes mencionados. Aborda a...

Full description

Bibliographic Details
Main Authors: Delgado Carvajal, Carlos José, Mitropoulos Parra, Pitter Ajas, Tapia Quiroz, Rodolfo José
Other Authors: Tutor: Moreno Ayestas, Sandra
Format: Tesis Section = Libro
Language:Undetermined
Spanish
Published: Managua UNI 2005
Subjects:
LEADER 01658nam a2200289Ia 4500
008 240830s9999 xx 000 0 und d
040 |a BIBLIOTECA-RUPAP Mon 628.44 D352 
041 |a spa 
082 |a Mon 628.44 D352 
100 1 |a Delgado Carvajal, Carlos José  
100 1 |b  Mitropoulos Parra, Pitter Ajas 
100 1 |c  Tapia Quiroz, Rodolfo José 
245 1 0 |a Diagnóstico de la Situación Actual de los Desechos Sólidos del Mercado Roberto Huembés 
260 |a Managua  |b UNI  |c 2005 
300 |a 109 p. :il. 
500 |a Contiene: anexos. 
502 |a Tesis (Ingeniero Civil)- UNI, 2005. 
520 3 |a Presenta un diagnóstico de la situación actual de los desechos sólidos del Mercado Roberto Huembés de la ciudad de Managua, durante el período 2004-2005, el cual permite un manejo integrado de los mismos solucionando de esta manera parte de la problemática del sitio antes mencionados. Aborda aspectos de gran importancia como la caracterización, generación, composición física, recolección, almacenamiento y parámetros de la disposición final de los desechos sólidos del mercado. El estudio consistió en la caracterización de los desechos sólidos tomando tres sectores o estratos clasificándolos según la actividad propia de los tramos. 
650 7 |a DESECHOS SOLIDOS - MERCADO ROBERTO HUEMBES 
650 7 |b RECOLECCION -TRATAMIENTO Y ELIMINACION - DESECHOS SOLIDOS 
650 7 |c CONTAMINACION AMBIENTAL - RIEGOS - SALUD 
650 7 |d COMPOSTAJE 
650 7 |e CARACTERIZACION - DESECHOS SOLIDOS 
700 1 |a Tutor:  |b Moreno Ayestas, Sandra 
942 |c BK  |2 ddc 
991 |a TESIS 
999 |c 16407